header

Alexander And The Wind-Up Mouse (Record no. 261879)

MARC details
000 -LEADER
fixed length control field 00226nam a22000977a 4500
020 ## - INTERNATIONAL STANDARD BOOK NUMBER
ISBN 0394829115
100 ## - MAIN ENTRY--AUTHOR NAME
Personal name Leo Lionni
245 ## - TITLE STATEMENT
Title Alexander And The Wind-Up Mouse
260 ## - PUBLICATION, DISTRIBUTION, ETC. (IMPRINT)
Place of publication New York
Name of publisher Dragonfly Books
Year of publication 1969
942 ## - ADDED ENTRY ELEMENTS (KOHA)
Koha item type Long Loan Books
Holdings
Withdrawn status Lost status Collection code Home library Current library Shelving location Date acquired Accession Number Koha item type
    Fiction Rongo University Library Rongo University Library Children's Area 28/11/2023 CL20211459 Long Loan Books

© 2026 Rongo University
Contact us: librarian | system librarian | Rongo university